| Tag |
First Indicator |
Second Indicator |
Subfields |
| LEADER |
00000cam a2200000 a 4500 |
| 001 |
in00001290021 |
| 005 |
20151004085750.0 |
| 008 |
940906m19952002ne a b 001 0 eng |
| 010 |
|
|
|a 94037358
|
| 020 |
|
|
|a 0792331206 (v. 1 : acid-free paper)
|
| 020 |
|
|
|a 1402006322 (v. 2 : acid-free paper)
|
| 020 |
|
|
|a 1402007426 (2-v. set)
|
| 035 |
|
|
|a (OCoLC)31167113
|
| 035 |
|
|
|9 AGZ5100AM
|
| 040 |
|
|
|a DLC
|c DLC
|d TXA
|d UtOrBLW
|
| 049 |
|
|
|a TXAM
|
| 050 |
0 |
0 |
|a QA402.5
|b .H364 1995
|
| 082 |
0 |
0 |
|a 519.7/6
|2 20
|
| 245 |
0 |
0 |
|a Handbook of global optimization /
|c edited by Reiner Horst and Panos M. Pardalos.
|
| 264 |
|
1 |
|a Dordrecht ;
|a Boston :
|b Kluwer Academic Publishers,
|c [1995-2002]
|
| 264 |
|
4 |
|c ©1995-2002
|
| 300 |
|
|
|a 2 volumes :
|b illustrations ;
|c 25 cm.
|
| 336 |
|
|
|a text
|b txt
|2 rdacontent
|
| 337 |
|
|
|a unmediated
|b n
|2 rdamedia
|
| 338 |
|
|
|a volume
|b nc
|2 rdacarrier
|
| 490 |
1 |
|
|a Nonconvex optimization and its applications ;
|v v. 62
|
| 490 |
1 |
|
|a Nonconvex optimization and its applications ;
|v v. 2
|
| 504 |
|
|
|a Includes bibliographical references and index.
|
| 505 |
0 |
|
|a Conditions for global optimality / J.-B. Hiriart-Urruty -- Complexity issues in global optimization : a survey / Stephen A. Vavasis -- Concave minimization : theory, applications and algorithms / Harold P. Benson -- D.C. optimization : theory, methods and algorithms / Hoang Tuy -- Quadratic optimization / Christodoulos, A. Floudas and V. Visweswaran -- Complementary problems / Jong-Shi Pang -- Minimax and its applications / Ding-Zhu Du -- Multiplicative programming problems / Hiroshi Konno and Takahito Kuno -- Lipschitz optimization / Pierre Hansen and Brigitte Jaumard -- Fractional programming / S. Schaible -- Network problems / G.M. Guisewite -- Trajectory methods in global optimization / Immo Diener -- Homotopy methods / W. Forster -- Interval methods / Helmut Ratschek and Jon Rokne -- Stochastic methods / C. Guss, E. Boender and H. Edwin Romeijn.
|
| 650 |
|
0 |
|a Mathematical optimization.
|
| 650 |
|
0 |
|a Nonlinear programming.
|
| 653 |
0 |
|
|a Nonlinear programming
|
| 700 |
1 |
|
|a Horst, Reiner.
|
| 700 |
1 |
|
|a Pardalos, P. M.
|q (Panos M.),
|d 1954-
|
| 830 |
|
0 |
|a Nonconvex optimization and its applications ;
|v v. 62.
|
| 830 |
|
0 |
|a Nonconvex optimization and its applications ;
|v v. 2.
|
| 994 |
|
|
|a E0
|b TXA
|
| 999 |
|
|
|a MARS
|
| 999 |
f |
f |
|s 0ca3988f-62f7-309a-90d9-7aa1611f150d
|i 4fff57d9-c36b-3720-84b2-588eabe934a3
|t 0
|
| 952 |
f |
f |
|p ric
|a Texas A&M University
|b Rellis Campus
|c Joint Library Facility
|s JLF
|d Remote Storage
|t 0
|e QA402.5 .H364 1995
|h Library of Congress classification
|i unmediated -- volume
|k v.1
|m A14820129570
|
| 952 |
f |
f |
|p ric
|a Texas A&M University
|b Rellis Campus
|c Joint Library Facility
|s JLF
|d Remote Storage
|t 0
|e QA402.5 .H364 1995
|h Library of Congress classification
|i unmediated -- volume
|k v.2
|m A14831901951
|
| 998 |
f |
f |
|a QA402.5 .H364 1995
|s v.1- v.2
|t 0
|l Remote Storage
|